000 01486nam a2200409 c 4500
001 52114
003 ES-MaCES
005 20250203133800.0
008 220210s2021 sp 000 | spa d
017 _aV 109-2021
_bDL
020 _a9788413787442
040 _aES-MaCES
_bspa
_cES-MaCES
100 1 _918426
_aMenéndez Sebastián, María Paz
245 1 0 _aFacultades extintivas del empresario en la era COVID
_cMenéndez Sebastián, Paz
260 _aValencia
_bTirant lo Blanch
_c2019
300 _a221 p.
_c21 cm
490 1 _aTirant lo Blanch laboral
_v265
504 _aBibliografía: p. 217-221
541 _cCompra
610 1 4 _939769
_aEspaña
_tReal Decreto-Ley de medidas urgentes extraordinarias para hacer frente al impacto económico y social del COVID-19, 2020
650 4 _939751
_aCovid-19
650 4 _928188
_aempresario
650 4 _929986
_aterminación de la relación de trabajo
650 4 _930703
_asuspensión del contrato de trabajo
650 4 _928352
_adespido
650 4 _929516
_areducción de la duración del trabajo
650 4 _929000
_aempleo temporal
650 4 _927043
_aprestaciones por desempleo
650 4 _930270
_afomento del empleo
650 4 _927165
_aderecho del trabajo
650 4 _926964
_aEspaña
650 4 _arégimen jurídico
_929894
653 1 0 _aDerecho del trabajo y Seguridad Social
830 0 _aLaboral (Tirant lo Blanch (Firma))
_v265
_932672
902 _aLIB Libro
942 _2CES
_cBK
_h6.0.1.
999 _c52114
_d52114